Māṇeka ane akīka. (Record no. 82972)

MARC details
000 -LEADER
fixed length control field 00651cam a22002531 4500
001 - CONTROL NUMBER
control field sa 68009537
003 - CONTROL NUMBER IDENTIFIER
control field DLC
005 - DATE AND TIME OF LATEST TRANSACTION
control field 20260227112543.0
008 - FIXED-LENGTH DATA ELEMENTS--GENERAL INFORMATION
fixed length control field 890629s1967 ii b 000 0 gujo
010 ## - LIBRARY OF CONGRESS CONTROL NUMBER
LC control number sa 68009537
035 ## - SYSTEM CONTROL NUMBER
System control number (OCoLC)19950512
040 ## - CATALOGING SOURCE
Original cataloging agency DLC
Transcribing agency WaU
Modifying agency DLC
042 ## - AUTHENTICATION CODE
Authentication code premarc
043 ## - GEOGRAPHIC AREA CODE
Geographic area code a-ii---
050 00 - LIBRARY OF CONGRESS CALL NUMBER
Classification number PK1850.5
Item number .V3
100 1# - MAIN ENTRY--PERSONAL NAME
Personal name Vaidya, Vijayarāya Kalyāṇarāya,
Dates associated with a name 1897-1974.
245 10 - TITLE STATEMENT
Title Māṇeka ane akīka.
260 ## - PUBLICATION, DISTRIBUTION, ETC.
Date of publication, distribution, etc. 1967.
300 ## - PHYSICAL DESCRIPTION
Extent 16, 240 p.
Dimensions 19 cm.
500 ## - GENERAL NOTE
General note In Gujarati.
504 ## - BIBLIOGRAPHY, ETC. NOTE
Bibliography, etc. note Bibliographical footnotes.
650 #0 - SUBJECT ADDED ENTRY--TOPICAL TERM
Topical term or geographic name entry element Gujarati literature.
650 #0 - SUBJECT ADDED ENTRY--TOPICAL TERM
Topical term or geographic name entry element Authors, Gujarati.

No items available.

Powered by Koha